<?xml version="1.0" encoding="UTF-8"?>
<record
    xmlns:xsi="http://www.w3.org/2001/XMLSchema-instance"
    xsi:schemaLocation="http://www.loc.gov/MARC21/slim http://www.loc.gov/standards/marcxml/schema/MARC21slim.xsd"
    xmlns="http://www.loc.gov/MARC21/slim">

  <leader>02948nam a2200325Ia 4500</leader>
  <controlfield tag="003">OSt</controlfield>
  <controlfield tag="005">20221014150438.0</controlfield>
  <controlfield tag="008">210210b2012   xxu||||| |||| 00| 0 eng d</controlfield>
  <datafield tag="020" ind1=" " ind2=" ">
    <subfield code="a">9788121926201</subfield>
  </datafield>
  <datafield tag="040" ind1=" " ind2=" ">
    <subfield code="c">AL</subfield>
  </datafield>
  <datafield tag="041" ind1=" " ind2=" ">
    <subfield code="a">eng</subfield>
  </datafield>
  <datafield tag="082" ind1=" " ind2=" ">
    <subfield code="a">576 </subfield>
    <subfield code="2">23</subfield>
    <subfield code="b">DUBT</subfield>
  </datafield>
  <datafield tag="100" ind1=" " ind2=" ">
    <subfield code="a">R C Dubey</subfield>
    <subfield code="9">59563</subfield>
  </datafield>
  <datafield tag="110" ind1=" " ind2=" ">
    <subfield code="a">D K Maheshwari</subfield>
    <subfield code="9">59564</subfield>
  </datafield>
  <datafield tag="245" ind1=" " ind2=" ">
    <subfield code="a">Textbook of microbiology</subfield>
  </datafield>
  <datafield tag="250" ind1=" " ind2=" ">
    <subfield code="a">4</subfield>
  </datafield>
  <datafield tag="260" ind1=" " ind2=" ">
    <subfield code="a">New Delhi</subfield>
    <subfield code="b">S. Chand &amp; Co. Ltd.</subfield>
    <subfield code="c">2022</subfield>
  </datafield>
  <datafield tag="300" ind1=" " ind2=" ">
    <subfield code="a">xvi,1034</subfield>
    <subfield code="b">PB</subfield>
    <subfield code="c">23x16cm.</subfield>
  </datafield>
  <datafield tag="520" ind1=" " ind2=" ">
    <subfield code="a">Dr. R. C. Dubey and Dr. D. K. Maheshwari&#x2019;s A Textbook of Microbiology, published by S. Chand Publishing, is a comprehensive book for Biotechnology students who have opted for Microbiology subject in their courses. It discusses concepts like Microbial Cells, The Nucleic Acids, Gene, Genetic Code, Mutation, Gene Cloning in Microorganisms, Bacterial Photosynthesis, Industrial and Pharmaceutical Microbiology, Immunity, Infectious Diseases, and Medical Microbiology and several other topics. The book conforms to the latest syllabus prescribed several Indian universities.
Table of content
1: Introduction
2: Classification of Microorganisms
3: Methods in Microbiology
4: The Microbial Cells: Morphology and Fine Structure
5: The Nucleic Acids: DNA and RNA
6: Genes: Concept and Synthesis
7: Genetic Code
8: Microbial Genetics
9: Mutation and Mutagenesis
10: Gene Expression and Regulation
11: Gene Cloning in Microorganism (Genetic Engineering)
12: Microbial Metabolism
13: Bacterial Photosynthesis
14: Nitrogen Fixation
15: Viruses I (General Characters)
16: Viruses II (Plant Viruses and Sub-Viral Agents)
17: Viruses III (Animal Viruses and Prions)
18: Viruses IV (Bacteriophages, Cyanophages and Mycoviruses)
19: Pharmaceutical Microbiology
20: Industrial Microbiology
21: Microbiology of Milk, Dairy and Food
22: Immunology: Defense Mechanism, Immunity and Diagnosis
23: The Infectious Diseases: Epidemiology, Parasitism and Chemotherapy
24: Medical Microbiology I: Protozoan and Fungal Diseases
25: Medical Microbiology II: Bacterial and Viral Diseases
26: Human Cancer
27: Cellular Microbiology
28: Microbial Ecology I: Ecological Groups and Microbial Interactions
29: Microbial Ecology II: Extremophiles (Acidophiles, Alkaliphiles, Halophiles, Psychrophiles, Thermophiles &amp; Hyperthermophiles and Barophiles
30: Microbial Ecology III: Soil Microbiology
31: Microbial Ecology IV: Water Microbiology
32: Microbiology of Air (Aeromicrobiology)
33: Environmental Microbiology
34: Agricultural Microbiology (Biofertilizers and Biopesticides)
35: Instrumentation in Microbiology

&#x2022; Index
</subfield>
  </datafield>
  <datafield tag="650" ind1=" " ind2=" ">
    <subfield code="a">Microbiology</subfield>
    <subfield code="9">59567</subfield>
  </datafield>
  <datafield tag="650" ind1=" " ind2=" ">
    <subfield code="a">Nucleic Acids</subfield>
    <subfield code="9">59570</subfield>
  </datafield>
  <datafield tag="650" ind1=" " ind2=" ">
    <subfield code="a">Gene</subfield>
    <subfield code="9">59571</subfield>
  </datafield>
  <datafield tag="650" ind1=" " ind2=" ">
    <subfield code="a">Viruses</subfield>
    <subfield code="9">59572</subfield>
  </datafield>
  <datafield tag="650" ind1=" " ind2=" ">
    <subfield code="a">Text book</subfield>
    <subfield code="9">59589</subfield>
  </datafield>
  <datafield tag="690" ind1=" " ind2=" ">
    <subfield code="a">Microbiology</subfield>
    <subfield code="9">59567</subfield>
  </datafield>
  <datafield tag="700" ind1=" " ind2=" ">
    <subfield code="a">DUBEY (R C)</subfield>
    <subfield code="9">59568</subfield>
  </datafield>
  <datafield tag="700" ind1=" " ind2=" ">
    <subfield code="a">MAHESHWARI (D K)</subfield>
    <subfield code="9">59569</subfield>
  </datafield>
  <datafield tag="906" ind1=" " ind2=" ">
    <subfield code="a">067040</subfield>
  </datafield>
  <datafield tag="942" ind1=" " ind2=" ">
    <subfield code="2">ddc</subfield>
    <subfield code="c">BK</subfield>
  </datafield>
  <datafield tag="999" ind1=" " ind2=" ">
    <subfield code="c">149422</subfield>
    <subfield code="d">149422</subfield>
  </datafield>
  <datafield tag="952" ind1=" " ind2=" ">
    <subfield code="0">0</subfield>
    <subfield code="1">0</subfield>
    <subfield code="4">0</subfield>
    <subfield code="7">3</subfield>
    <subfield code="8">Microbiology</subfield>
    <subfield code="a">AL</subfield>
    <subfield code="b">AL</subfield>
    <subfield code="c">RS</subfield>
    <subfield code="d">2021-02-17</subfield>
    <subfield code="e">S Chand &amp; Company Ltd, Bangalore</subfield>
    <subfield code="g">525.00</subfield>
    <subfield code="l">0</subfield>
    <subfield code="o">576 DUBT</subfield>
    <subfield code="p">067041</subfield>
    <subfield code="r">2021-02-17 00:00:00</subfield>
    <subfield code="w">2021-02-17</subfield>
    <subfield code="y">BK</subfield>
  </datafield>
  <datafield tag="952" ind1=" " ind2=" ">
    <subfield code="0">0</subfield>
    <subfield code="1">0</subfield>
    <subfield code="4">0</subfield>
    <subfield code="7">0</subfield>
    <subfield code="8">Microbiology</subfield>
    <subfield code="a">AL</subfield>
    <subfield code="b">AL</subfield>
    <subfield code="c">Microbiology</subfield>
    <subfield code="d">2021-02-17</subfield>
    <subfield code="e">S Chand &amp; Company Ltd, Bangalore</subfield>
    <subfield code="g">525.00</subfield>
    <subfield code="l">3</subfield>
    <subfield code="m">2</subfield>
    <subfield code="o">576 DUBT</subfield>
    <subfield code="p">067040</subfield>
    <subfield code="r">2022-07-25 00:00:00</subfield>
    <subfield code="s">2022-07-01</subfield>
    <subfield code="w">2021-02-17</subfield>
    <subfield code="y">BK</subfield>
  </datafield>
  <datafield tag="952" ind1=" " ind2=" ">
    <subfield code="0">0</subfield>
    <subfield code="1">0</subfield>
    <subfield code="2">ddc</subfield>
    <subfield code="4">0</subfield>
    <subfield code="7">0</subfield>
    <subfield code="8">BOT</subfield>
    <subfield code="a">AL</subfield>
    <subfield code="b">AL</subfield>
    <subfield code="d">2022-10-14</subfield>
    <subfield code="e">Biblios Book Point, Surathkal, Mangalore575014</subfield>
    <subfield code="g">760.00</subfield>
    <subfield code="l">2</subfield>
    <subfield code="o">576 DUBT</subfield>
    <subfield code="p">076121</subfield>
    <subfield code="r">2025-09-11 16:58:26</subfield>
    <subfield code="s">2025-09-01</subfield>
    <subfield code="v">950.00</subfield>
    <subfield code="w">2022-10-14</subfield>
    <subfield code="y">BK</subfield>
  </datafield>
</record>
